The wisdom of the Psalms; (Record no. 3710)

MARC details
000 -LEADER
fixed length control field 00823cam a2200241 4500
001 - CONTROL NUMBER
control field 1342136
003 - CONTROL NUMBER IDENTIFIER
control field GBCCL
005 - DATE AND TIME OF LATEST TRANSACTION
control field 20241126110501.0
008 - FIXED-LENGTH DATA ELEMENTS--GENERAL INFORMATION
fixed length control field 710311s1970 nyu 001 0 eng
010 ## -
-- 79131564
040 ## - CATALOGING SOURCE
Original cataloging agency DLC
Transcribing agency DLC
Modifying agency DLC
050 00 -
-- BS1430.4
-- .K4 1970
082 00 - DEWEY DECIMAL CLASSIFICATION NUMBER
Classification number 223.207
Item number KEE
100 1# - MAIN ENTRY--PERSONAL NAME
Personal name Keesecker, William F.
9 (RLIN) 7342
245 14 - TITLE STATEMENT
Title The wisdom of the Psalms;
Remainder of title selections and expositions based on commentary by John Calvin
Statement of responsibility, etc. [by] William F. Keesecker.
260 ## - PUBLICATION, DISTRIBUTION, ETC.
Place of publication, distribution, etc. New York,
Name of publisher, distributor, etc. World Pub. Co.
Date of publication, distribution, etc. [1970]
300 ## - PHYSICAL DESCRIPTION
Extent 60 p.
Dimensions 21 cm.
490 0# - SERIES STATEMENT
Series statement World inspirational books
650 00 - SUBJECT ADDED ENTRY--TOPICAL TERM
Topical term or geographic name entry element Bible.
Form subdivision Psalms
General subdivision Devotional literature.
9 (RLIN) 7535
700 1# - ADDED ENTRY--PERSONAL NAME
Personal name Calvin, Jean,
Dates associated with a name 1509-1564.
Title of a work Commentarius in librum Psalmorum.
9 (RLIN) 7536
906 ## - LOCAL DATA ELEMENT F, LDF (RLIN)
a 7
b cbc
c orignew
d 2
e ncip
f 19
g y-gencatlg
942 ## - ADDED ENTRY ELEMENTS (KOHA)
Source of classification or shelving scheme Dewey Decimal Classification
Koha item type Books
Koha issues (borrowed), all copies 1
Holdings
Withdrawn status Lost status Source of classification or shelving scheme Damaged status Not for loan Home library Current Library Shelving location Date acquired Total checkouts Full call number Barcode Date last seen Copy number Price effective from Koha item type Date last checked out
    Dewey Decimal Classification     GRACE BIBLE COLLEGE GRACE BIBLE COLLEGE Biblical Studies 2017-12-05   223.207 KEE 009719 2025-05-01 c.1 2017-12-05 Books  
    Dewey Decimal Classification     GRACE BIBLE COLLEGE GRACE BIBLE COLLEGE Biblical Studies 2017-12-05 1 223.207 KEE 009722 2025-05-01 c.2 2017-12-05 Books 2023-01-16
© Grace Bible College Library 2025